[Event "Regionalliga SO 1314"]
[Site "Bayern"]
[Date "2014.02.09"]
[Round "6.7"]
[White "Meier, Desiderius"]
[Black "Kunz, Heinz"]
[Result "1-0"]
[WhiteElo "2131"]
[BlackElo "1849"]
[PlyCount "57"]
[EventDate "2013.10.13"]
[EventType "team-tourn"]
[EventRounds "9"]
[EventCountry "GER"]
[SourceTitle "EXT 2015"]
[Source "ChessBase"]
[SourceDate "2014.11.20"]
[SourceVersion "1"]
[SourceVersionDate "2014.11.20"]
[SourceQuality "1"]
[WhiteTeam "Graefelfing"]
[BlackTeam "Landshut"]
[WhiteTeamCountry "GER"]
[BlackTeamCountry "GER"]

1. e4 d6 2. d4 Nf6 3. Nc3 g6 4. Be3 a6 5. f3 b5 6. Qd2 Nbd7 7. h4 Nb6 8. Nh3 Nh5 9. Bd3 Bg7 10. g4 Nf6 11. Bh6 Rg8 12. Bxg7 Rxg7 13. 0-0-0 e6 14. Qh6 Rg8 15. e5 Nfd5 16. Ne4 Qe7 17. Nhg5 dxe5 18. dxe5 f6 19. Qxh7 Qxh7 20. Nxh7 fxe5 21. Nef6+ Kf7 22. Nxg8 Kxg8 23. Bxg6 Nc4 24. Ng5 Kg7 25. h5 Nce3 26. Rd3 Ng2 27. Be4 Ngf4 28. Rd2 Kh6 29. Nf7+ 1-0

[Event "Regionalliga SO 1314"]
[Site "Bayern"]
[Date "2014.01.19"]
[Round "5.7"]
[White "Kunz, Heinz"]
[Black "Probst, Albert"]
[Result "1/2-1/2"]
[WhiteElo "1849"]
[BlackElo "1928"]
[PlyCount "45"]
[EventDate "2013.10.13"]
[EventType "team-tourn"]
[EventRounds "9"]
[EventCountry "GER"]
[SourceTitle "EXT 2015"]
[Source "ChessBase"]
[SourceDate "2014.11.20"]
[SourceVersion "1"]
[SourceVersionDate "2014.11.20"]
[SourceQuality "1"]
[WhiteTeam "Landshut"]
[BlackTeam "Bruckmuehl"]
[WhiteTeamCountry "GER"]
[BlackTeamCountry "GER"]

1. d4 g6 2. c4 Bg7 3. Nc3 d6 4. e4 Nc6 5. Be3 e5 6. d5 Nce7 7. Nf3 f5 8. c5 Nf6 9. Bb5+ c6 10. cxd6 Qxd6 11. Qb3 Nxe4 12. dxc6 bxc6 13. Nxe4 fxe4 14. Ng5 Nd5 15. Nxe4 Qb4+ 16. Qxb4 Nxb4 17. Ba4 0-0 18. 0-0 Ba6 19. Rfd1 Bd3 20. Bb3+ Kh8 21. Nd6 e4 22. Rd2 Nd5 23. Bc5 1/2-1/2

[Event "Regionalliga SO 1213"]
[Site "Bayern"]
[Date "2012.10.14"]
[Round "1.6"]
[White "Knechtel, Roland"]
[Black "Kunz, Heinz"]
[Result "1-0"]
[WhiteElo "2192"]
[BlackElo "1860"]
[PlyCount "51"]
[EventDate "2012.10.14"]
[EventType "team-tourn"]
[EventRounds "9"]
[EventCountry "GER"]
[SourceTitle "EXT 2015"]
[Source "ChessBase"]
[SourceDate "2014.11.20"]
[SourceVersion "1"]
[SourceVersionDate "2014.11.20"]
[SourceQuality "1"]
[WhiteTeam "Roehrnbach"]
[BlackTeam "Landshut"]
[WhiteTeamCountry "GER"]
[BlackTeamCountry "GER"]

1. g3 g6 2. Bg2 Bg7 3. e4 e5 4. d3 d6 5. f4 exf4 6. gxf4 Qh4+ 7. Kf1 Nc6 8. Nf3 Qh5 9. c3 Bh3 10. Rg1 Nh6 11. Bxh3 Qxh3+ 12. Rg2 0-0-0 13. Ng5 Qd7 14. Be3 f6 15. Nf3 d5 16. Nbd2 dxe4 17. dxe4 Qd3+ 18. Qe2 Qc2 19. Nb3 Qxe4 20. Nc5 Qe7 21. Qb5 Na5 22. Re1 b6 23. Qa6+ Kb8 24. b4 c6 25. bxa5 bxc5 26. Rb2+ 1-0

[Event "Landesliga Sued 1112"]
[Site "Bayern"]
[Date "2012.02.26"]
[Round "7.7"]
[White "Schmitz, Tim"]
[Black "Kunz, Heinz"]
[Result "1/2-1/2"]
[WhiteElo "1878"]
[BlackElo "1872"]
[PlyCount "33"]
[EventDate "2011.10.02"]
[EventType "team-tourn"]
[EventRounds "9"]
[EventCountry "GER"]
[SourceTitle "EXT 2015"]
[Source "ChessBase"]
[SourceDate "2014.11.20"]
[SourceVersion "1"]
[SourceVersionDate "2014.11.20"]
[SourceQuality "1"]
[WhiteTeam "Sendling"]
[BlackTeam "Landshut"]
[WhiteTeamCountry "GER"]
[BlackTeamCountry "GER"]

1. e4 d5 2. exd5 Qxd5 3. Nc3 Qa5 4. d4 Nf6 5. Nf3 Bg4 6. h3 Bh5 7. Bc4 e6 8. Bd2 Bb4 9. a3 Bxc3 10. Bxc3 Qf5 11. Qe2 Bg6 12. 0-0 0-0 13. Bd3 Qd5 14. Bxg6 hxg6 15. Rfe1 Nc6 16. Rad1 Rad8 17. Ne5 1/2-1/2

[Event "Regionalliga SO 1011"]
[Site "Bayern"]
[Date "2011.04.10"]
[Round "9.8"]
[White "Kunz, Heinz"]
[Black "Kell, Stefan"]
[Result "1-0"]
[WhiteElo "1862"]
[BlackElo "1858"]
[PlyCount "43"]
[EventDate "2010.10.10"]
[EventType "team-tourn"]
[EventRounds "9"]
[EventCountry "GER"]
[SourceTitle "EXT 2012"]
[Source "ChessBase"]
[SourceDate "2011.11.24"]
[SourceVersion "1"]
[SourceVersionDate "2011.11.24"]
[SourceQuality "1"]
[WhiteTeam "Landshut"]
[BlackTeam "Pang/Rosenheim II"]
[WhiteTeamCountry "GER"]
[BlackTeamCountry "GER"]

1. c4 c5 2. g3 Nc6 3. Bg2 Nf6 4. Nc3 g6 5. Nf3 Bg7 6. 0-0 d6 7. d4 cxd4 8. Nxd4 Bd7 9. Nxc6 Bxc6 10. e4 0-0 11. Be3 Qa5 12. Qe2 Rac8 13. a3 a6 14. b4 Qc7 15. Rac1 Bd7 16. Nd5 Nxd5 17. exd5 e5 18. Rfd1 f5 19. c5 Rf7 20. c6 bxc6 21. dxc6 Be6 22. Qxa6 1-0

[Event "Regionalliga SO 1011"]
[Site "Bayern"]
[Date "2010.12.12"]
[Round "4.8"]
[White "Kunz, Heinz"]
[Black "Reich, Christian"]
[Result "1/2-1/2"]
[WhiteElo "1862"]
[BlackElo "1647"]
[PlyCount "34"]
[EventDate "2010.10.10"]
[EventType "team-tourn"]
[EventRounds "9"]
[EventCountry "GER"]
[SourceTitle "EXT 2012"]
[Source "ChessBase"]
[SourceDate "2011.11.24"]
[SourceVersion "1"]
[SourceVersionDate "2011.11.24"]
[SourceQuality "1"]
[WhiteTeam "Landshut"]
[BlackTeam "Straubing"]
[WhiteTeamCountry "GER"]
[BlackTeamCountry "GER"]

1. c4 e5 2. g3 c5 3. Bg2 Nc6 4. Nc3 Nf6 5. e3 d6 6. Nge2 Be6 7. b3 d5 8. cxd5 Nxd5 9. 0-0 Be7 10. Bb2 0-0 11. d4 Nxc3 12. Bxc3 exd4 13. exd4 Bd5 14. dxc5 Bxg2 15. Kxg2 Bxc5 16. Nf4 Bd4 17. Bxd4 Qxd4 1/2-1/2

[Event "Regionalliga SO 1011"]
[Site "Bayern"]
[Date "2010.10.10"]
[Round "1.8"]
[White "Mertz, Waldemar"]
[Black "Kunz, Heinz"]
[Result "1/2-1/2"]
[WhiteElo "1910"]
[BlackElo "1862"]
[PlyCount "23"]
[EventDate "2010.10.10"]
[EventType "team-tourn"]
[EventRounds "9"]
[EventCountry "GER"]
[SourceTitle "EXT 2012"]
[Source "ChessBase"]
[SourceDate "2011.11.24"]
[SourceVersion "1"]
[SourceVersionDate "2011.11.24"]
[SourceQuality "1"]
[WhiteTeam "Waldkraiburg"]
[BlackTeam "Landshut"]
[WhiteTeamCountry "GER"]
[BlackTeamCountry "GER"]

1. d4 g6 2. c4 Bg7 3. Nc3 d6 4. Nf3 Nf6 5. g3 0-0 6. Bg2 a6 7. 0-0 Nc6 8. Bf4 Rb8 9. a4 Bg4 10. e3 e5 11. dxe5 Nxe5 12. Qe2 1/2-1/2

[Event "Regionalliga SO 0910"]
[Site "Bayern"]
[Date "2009.12.13"]
[Round "4.7"]
[White "Kunz, Heinz"]
[Black "Thome, Volker"]
[Result "1/2-1/2"]
[WhiteElo "1862"]
[BlackElo "1978"]
[PlyCount "52"]
[EventDate "2009.10.18"]
[EventType "team-tourn"]
[EventRounds "9"]
[EventCountry "GER"]
[SourceTitle "EXT 2011"]
[Source "ChessBase"]
[SourceDate "2010.11.26"]
[SourceVersion "1"]
[SourceVersionDate "2010.11.26"]
[SourceQuality "1"]
[WhiteTeam "Landshut"]
[BlackTeam "Trostberg"]
[WhiteTeamCountry "GER"]
[BlackTeamCountry "GER"]

1. d4 Nf6 2. c4 e5 3. dxe5 Ng4 4. Nf3 Bc5 5. e3 Nc6 6. Be2 0-0 7. 0-0 Ngxe5 8. Nc3 Re8 9. b3 a5 10. Bb2 Nxf3+ 11. Bxf3 Ne5 12. Ne4 Bf8 13. Ng3 Ra6 14. Bxe5 Rxe5 15. Qd4 Rae6 16. Bd5 Re8 17. Qf4 Qf6 18. Qxf6 gxf6 19. Rad1 c6 20. Bf3 f5 21. Nh5 R8e6 22. Nf4 Rh6 23. Rd2 Bb4 24. Rd4 Bc5 25. Rd2 Bb4 26. Rd4 Bc5 1/2-1/2

[Event "Regionalliga SO 0809"]
[Site "Bayern"]
[Date "2009.03.15"]
[Round "8.8"]
[White "Kunz, Heinz"]
[Black "Kirsch, Sebastian"]
[Result "1/2-1/2"]
[WhiteElo "1856"]
[BlackElo "1849"]
[PlyCount "35"]
[EventDate "2008.10.05"]
[EventType "team-tourn"]
[EventRounds "9"]
[EventCountry "GER"]
[SourceTitle "EXT 2020"]
[Source "ChessBase"]
[SourceDate "2019.10.17"]
[SourceVersion "1"]
[SourceVersionDate "2019.10.17"]
[SourceQuality "1"]
[WhiteTeam "Landshut"]
[BlackTeam "Ebersberg"]
[WhiteTeamCountry "GER"]
[BlackTeamCountry "GER"]

1. d4 d5 2. c4 e6 3. Nc3 Nf6 4. cxd5 exd5 5. Bg5 c6 6. e3 Qb6 7. Qc2 Nbd7 8. Bd3 Bd6 9. Nge2 h6 10. Bf4 Bxf4 11. Nxf4 0-0 12. 0-0 Re8 13. Rab1 Nf8 14. b4 a6 15. a4 g5 16. Nfe2 Qc7 17. Bf5 Ne6 18. b5 1/2-1/2

[Event "Niederbayernliga 0708"]
[Site "Germany"]
[Date "2007.03.09"]
[Round "7.7"]
[White "Riemelmoser, Stefan"]
[Black "Kunz, Heinz"]
[Result "0-1"]
[WhiteElo "1882"]
[BlackElo "1852"]
[PlyCount "20"]
[EventDate "2007.10.21"]
[EventType "team-tourn"]
[EventRounds "9"]
[EventCountry "GER"]
[SourceTitle "EXT 2009"]
[Source "ChessBase"]
[SourceDate "2008.11.26"]
[SourceVersion "1"]
[SourceVersionDate "2008.11.26"]
[SourceQuality "1"]
[WhiteTeam "Simbach"]
[BlackTeam "Landshut"]
[WhiteTeamCountry "GER"]
[BlackTeamCountry "GER"]

1. e4 d5 2. exd5 Qxd5 3. Nc3 Qa5 4. d4 Nf6 5. Bc4 Bg4 6. f3 Bf5 7. Nge2 e6 8. Bd2 Qb6 9. Na4 Qc6 10. Nac3 Qxc4 0-1

[Event "Niederbayernliga 0708"]
[Site "Germany"]
[Date "2007.02.17"]
[Round "6.7"]
[White "Kunz, Heinz"]
[Black "Kiendl, Walter"]
[Result "1/2-1/2"]
[WhiteElo "1852"]
[BlackElo "1674"]
[PlyCount "25"]
[EventDate "2007.10.21"]
[EventType "team-tourn"]
[EventRounds "9"]
[EventCountry "GER"]
[SourceTitle "EXT 2009"]
[Source "ChessBase"]
[SourceDate "2008.11.26"]
[SourceVersion "1"]
[SourceVersionDate "2008.11.26"]
[SourceQuality "1"]
[WhiteTeam "Landshut"]
[BlackTeam "Geiselhoering"]
[WhiteTeamCountry "GER"]
[BlackTeamCountry "GER"]

1. c4 Nf6 2. Nc3 e5 3. Nf3 d6 4. d4 exd4 5. Nxd4 Be7 6. g3 d5 7. Bg2 dxc4 8. Qa4+ Bd7 9. Qxc4 c6 10. a4 0-0 11. 0-0 a5 12. Rd1 Qb6 13. Qb3 1/2-1/2

[Event "Regionalliga SO 0607"]
[Site "Bayern"]
[Date "2006.10.15"]
[Round "1.7"]
[White "Kunz, Heinz"]
[Black "Graf, Christian"]
[Result "1/2-1/2"]
[WhiteElo "1845"]
[BlackElo "2037"]
[PlyCount "37"]
[EventDate "2006.10.15"]
[EventType "team-tourn"]
[EventRounds "9"]
[EventCountry "GER"]
[SourceTitle "EXT 2008"]
[Source "ChessBase"]
[SourceDate "2007.11.25"]
[SourceVersion "1"]
[SourceVersionDate "2007.11.25"]
[SourceQuality "1"]
[WhiteTeam "Landshut"]
[BlackTeam "Pang/Rosenheim II"]
[WhiteTeamCountry "GER"]
[BlackTeamCountry "GER"]

1. c4 c6 2. Nc3 d5 3. cxd5 cxd5 4. d4 Nf6 5. Nf3 Nc6 6. Bf4 a6 7. e3 Bg4 8. Be2 e6 9. 0-0 Bd6 10. Ne5 Bxe2 11. Nxe2 Bxe5 12. Bxe5 0-0 13. Bxf6 Qxf6 14. Qd2 Rfc8 15. Rac1 Qd8 16. Nf4 Qa5 17. Qxa5 Nxa5 18. b3 b6 19. Nd3 1/2-1/2

[Event "Regionalliga SO 0405"]
[Site "Bayern"]
[Date "2005.04.10"]
[Round "9.7"]
[White "Kunz, Heinz"]
[Black "Billenkamp, Thomas"]
[Result "1/2-1/2"]
[WhiteElo "1890"]
[BlackElo "1993"]
[PlyCount "21"]
[EventDate "2004.10.24"]
[EventType "team-tourn"]
[EventRounds "9"]
[EventCountry "GER"]
[SourceTitle "EXT 2007"]
[Source "ChessBase"]
[SourceDate "2006.11.23"]
[SourceVersion "1"]
[SourceVersionDate "2006.11.23"]
[SourceQuality "1"]
[WhiteTeam "Landshut"]
[BlackTeam "Tegernsee II"]
[WhiteTeamCountry "GER"]
[BlackTeamCountry "GER"]

1. d4 Nf6 2. c4 g6 3. Nc3 Bg7 4. e4 d6 5. h3 0-0 6. Nf3 e5 7. d5 Na6 8. Bg5 Qe8 9. g4 Nd7 10. Be2 Ndc5 11. Nd2 1/2-1/2

[Event "Regionalliga SO 0405"]
[Site "Bayern"]
[Date "2005.03.13"]
[Round "8.7"]
[White "Seifried, Johannes"]
[Black "Kunz, Heinz"]
[Result "1/2-1/2"]
[WhiteElo "1817"]
[BlackElo "1890"]
[PlyCount "30"]
[EventDate "2004.10.24"]
[EventType "team-tourn"]
[EventRounds "9"]
[EventCountry "GER"]
[SourceTitle "EXT 2007"]
[Source "ChessBase"]
[SourceDate "2006.11.23"]
[SourceVersion "1"]
[SourceVersionDate "2006.11.23"]
[SourceQuality "1"]
[WhiteTeam "Graefelfing"]
[BlackTeam "Landshut"]
[WhiteTeamCountry "GER"]
[BlackTeamCountry "GER"]

1. d4 g6 2. Nf3 Bg7 3. c3 d6 4. Bf4 Nd7 5. Nbd2 e5 6. dxe5 dxe5 7. Bg3 Qe7 8. e4 Nh6 9. Bc4 Nb6 10. Bb3 Be6 11. Qe2 f6 12. Bxe6 Qxe6 13. Qb5+ c6 14. Qb3 Qxb3 15. Nxb3 0-0-0 1/2-1/2

[Event "Regionalliga SO 0405"]
[Site "Bayern"]
[Date "2005.01.30"]
[Round "6.7"]
[White "Huber, Michael1"]
[Black "Kunz, Heinz"]
[Result "0-1"]
[WhiteElo "1833"]
[BlackElo "1890"]
[PlyCount "78"]
[EventDate "2004.10.24"]
[EventType "team-tourn"]
[EventRounds "9"]
[EventCountry "GER"]
[SourceTitle "EXT 2007"]
[Source "ChessBase"]
[SourceDate "2006.11.23"]
[SourceVersion "1"]
[SourceVersionDate "2006.11.23"]
[SourceQuality "1"]
[WhiteTeam "Dorfen PSV"]
[BlackTeam "Landshut"]
[WhiteTeamCountry "GER"]
[BlackTeamCountry "GER"]

1. e4 d5 2. exd5 Qxd5 3. Nc3 Qa5 4. d4 Nf6 5. Bd3 Bg4 6. f3 Bh5 7. Nge2 e6 8. 0-0 Be7 9. Bf4 c6 10. a3 0-0 11. Ne4 Qb6 12. c3 c5 13. dxc5 Bxc5+ 14. Nxc5 Qxc5+ 15. Kh1 Nd5 16. Qc2 Bg6 17. c4 Bxd3 18. Qxd3 Nxf4 19. Nxf4 Nc6 20. b4 Qe5 21. Qe4 Rad8 22. Rfd1 Qf6 23. c5 Rd2 24. Nh5 Qb2 25. Rdb1 Qe5 26. Qg4 Rfd8 27. h3 R8d5 28. Ng3 R5d4 29. Ne4 f5 30. Qh5 g6 31. Qh6 fxe4 32. fxe4 Qxe4 33. Rg1 Qh4 34. Qe3 Qe4 35. Qh6 Rf2 36. Rae1 Qf5 37. b5 Ne5 38. Qe3 Rd3 39. Qe4 Rxh3+ 0-1

[Event "Regionalliga SO 0405"]
[Site "Bayern"]
[Date "2005.01.16"]
[Round "5.7"]
[White "Kunz, Heinz"]
[Black "Mueller, Michael3"]
[Result "0-1"]
[WhiteElo "1890"]
[BlackElo "2037"]
[PlyCount "70"]
[EventDate "2004.10.24"]
[EventType "team-tourn"]
[EventRounds "9"]
[EventCountry "GER"]
[SourceTitle "EXT 2007"]
[Source "ChessBase"]
[SourceDate "2006.11.23"]
[SourceVersion "1"]
[SourceVersionDate "2006.11.23"]
[SourceQuality "1"]
[WhiteTeam "Landshut"]
[BlackTeam "Bayerwald"]
[WhiteTeamCountry "GER"]
[BlackTeamCountry "GER"]

1. c4 e5 2. Nc3 Bb4 3. Qc2 c6 4. Nf3 Qe7 5. e4 Nf6 6. a3 Bxc3 7. dxc3 h6 8. h3 0-0 9. g4 Nh7 10. Be3 d6 11. 0-0-0 Na6 12. Qd2 Rd8 13. g5 Nxg5 14. Nxg5 hxg5 15. Bxg5 f6 16. Be3 Be6 17. Rg1 Nc5 18. Qc2 Kf7 19. b4 Na6 20. f4 exf4 21. Bxf4 Rd7 22. e5 dxe5 23. Qg6+ Kf8 24. Rxd7 Qxd7 25. Bh6 gxh6 26. Qxf6+ Qf7 27. Qxh6+ Ke8 28. Qh8+ Kd7 29. Qxa8 Qf4+ 30. Kc2 Qf2+ 31. Kb3 Qxg1 32. Qxb7+ Nc7 33. Bd3 Qd1+ 34. Bc2 Bxc4+ 35. Kxc4 Qd5# 0-1

[Event "Niederbayernliga 0304"]
[Site "Germany"]
[Date "2004.??.??"]
[Round "8"]
[White "Kunz, Heinz"]
[Black "Siemens, Andreas"]
[Result "1/2-1/2"]
[WhiteElo "1837"]
[BlackElo "1889"]
[PlyCount "41"]
[EventDate "2003.??.??"]
[EventType "team-tourn"]
[EventRounds "9"]
[EventCountry "GER"]
[SourceTitle "EXT 2008"]
[Source "ChessBase"]
[SourceDate "2007.11.25"]
[SourceVersion "1"]
[SourceVersionDate "2007.11.25"]
[SourceQuality "1"]
[WhiteTeam "Landshut II"]
[BlackTeam "Eggenfelden"]
[WhiteTeamCountry "GER"]
[BlackTeamCountry "GER"]

1. c4 Nf6 2. Nc3 c6 3. d4 d5 4. cxd5 cxd5 5. Nf3 e6 6. Bf4 Bd6 7. Bg3 Bxg3 8. hxg3 Nc6 9. e3 Qb6 10. Qd2 h6 11. Rc1 Ne4 12. Nxe4 dxe4 13. Ng5 f5 14. Bc4 Nd8 15. Nh3 0-0 16. Nf4 Kh7 17. Qe2 Rf6 18. Nh5 Rf8 19. Nf4 Rf6 20. Nh5 Rf8 21. Nf4 1/2-1/2

[Event "Niederbayernliga 0203"]
[Site "Germany"]
[Date "2003.??.??"]
[Round "5.5"]
[White "Kunz, Heinz"]
[Black "Palmi, Herbert"]
[Result "0-1"]
[WhiteElo "1824"]
[BlackElo "1963"]
[PlyCount "88"]
[EventDate "2002.??.??"]
[EventType "team-tourn"]
[EventRounds "9"]
[EventCountry "GER"]
[SourceTitle "EXT 2008"]
[Source "ChessBase"]
[SourceDate "2007.11.25"]
[SourceVersion "1"]
[SourceVersionDate "2007.11.25"]
[SourceQuality "1"]
[WhiteTeam "Landshut II"]
[BlackTeam "Bayerwald"]
[WhiteTeamCountry "GER"]
[BlackTeamCountry "GER"]

1. d4 Nf6 2. c4 e6 3. Nc3 c5 4. d5 exd5 5. cxd5 d6 6. e4 g6 7. Bd3 Bg7 8. Nge2 a6 9. a4 0-0 10. 0-0 Nbd7 11. h3 Qc7 12. f4 Re8 13. Ng3 Rb8 14. Be3 b6 15. Qf3 Bb7 16. Rad1 Kh8 17. Bc2 Ba8 18. e5 dxe5 19. f5 Rbd8 20. Bg5 Rb8 21. Nge4 Nxe4 22. Nxe4 f6 23. fxg6 fxg5 24. Qh5 h6 25. Nxg5 Rf8 26. Ne6 Qd6 27. Rf7 Nf6 28. Qf5 Rxf7 29. gxf7 Bxd5 30. Nxg7 Kxg7 31. Qg6+ Kf8 32. Rf1 Ke7 33. Rd1 Qe6 34. Qxh6 Qxf7 35. Bg6 Qg8 36. Qg5 Qe6 37. Re1 Kd6 38. Bf7 Qe7 39. Bxd5 Nxd5 40. Qh6+ Qe6 41. Qd2 Rg8 42. Rd1 Kc6 43. Qd3 Rxg2+ 44. Kf1 Qf6+ 0-1